Quick Pick: Landmark Locations Quiz Stats

Quiz Updated Apr 11, 2016

Challenge
Share
Tweet
Embed
Score 0/15 Timer 01:00
0 Plays Today
% Correct
Egypt
94.3%
United Kingdom
91%
France
90.6%
Brazil
88.2%
Germany
85.8%
United States
80%
Italy
79.6%
Mexico
75.5%
% Correct
Cambodia
75.5%
Spain
74.1%
Denmark
70.8%
Russia
64.1%
Turkey
63.4%
Australia
62.2%
Belgium
53.8%

Today's Daily Dose

Missing Word
Law Misconceptions

Word Ladder
Easy Math

On This Day
January 20th

You're not logged in!

Compare scores with friends on all Sporcle quizzes.
Sign Up with Email
OR
Log In

You Might Also Like...

Show Comments

Extras

Top Quizzes Today


Score Distribution

Your Account Isn't Verified!

In order to create a playlist on Sporcle, you need to verify the email address you used during registration. Go to your Sporcle Settings to finish the process.